000 01020nam a22002897a 4500
003 CHAP
005 20220329133942.0
008 971013s1961 r 00010 d
010 _a13153
011 _a14125
035 _a18198
040 _cCHAP
082 _a333.09725
_bB3
100 0 0 _aBaz, Gustavo.
_911014
245 _aOpiniones del C. Gobernador del Estado de México sobre la encuesta del Departamento de Asuntos Agrarios y Colonización acerca del régimen ejidal de esta entidad
260 _aToluca :
_bDirección de Agricultura y Ganadería,
_c1961
300 _a29 p.
590 _aBATCH-UPD
_b10
_c20130110
_lUCH01
_h1155
590 _aBATCH-UPD
_b10
_c20130410
_lUCH01
_h0738
590 _aBATCH-UPD
_b10
_c20130914
_lUCH01
_h0556
590 _aCONVERSION
_b10
_c20130109
_lUCH01
_h1309
650 1 4 _aEjidos
_xMéxico (Edo.)
_936020
650 1 4 _aTierras
_xTenencia
_zMéxico (Edo.).
_9113216
901 _aBK
942 _cLIBRO
949 _a333.09725 B3
_bBC
_cLIBRO
_d33724000328191
_eLIBRO
_h3772
_i18198
_si
999 _c13153
_d13153